LoRa@FIIT Library for ESP32

Na minha lista:
Detalhes bibliográficos
Autor principal: Brilla, Daniel (Author)
Outros Autores: Zemko, Ladislav (Thesis advisor)
Formato: Manuscrito Livro
Idioma:eslovaco
inglês
Publicado em: 2024
Assuntos:
Acesso em linha:http://is.stuba.sk/zp/portal_zp.pl?podrobnosti=168898
Tags: Adicionar Tag
Sem tags, seja o primeiro a adicionar uma tag!

MARC

LEADER 00000ntm a22000003a 4500
001 stuzp96981
003 SK-STU
005 20240615210540.6
007 ta
008 150427s2015----xo-----f-mn---000-0-slo-d
040 |a STU  |b slo 
041 0 |a eng 
100 1 |a Brilla, Daniel  |u 070400  |4 aut  |U FIIT Fakulta informatiky a informačných technológií  |T FIIT Ústav počítačového inžinierstva a aplikovanej informatiky  |X 116152  |U I400  |Y 672  |7 116152 
242 0 1 |a LoRa@FIIT softvérová knižnica pre ESP32  |y slo 
245 1 0 |a LoRa@FIIT Library for ESP32 
260 |c 2024 
650 4 |a LoRa  |2 slo 
650 4 |a ESP32  |2 slo 
650 4 |a Arduino  |2 slo 
650 4 |a LPWAN  |2 slo 
650 4 |a LoRa@FIIT  |2 slo 
650 4 |a Softvérová knižnica  |2 slo 
650 4 |a IoT  |2 slo 
650 4 |a LoRa@FIIT  |2 eng 
650 4 |a IoT  |2 eng 
650 4 |a ESP32  |2 eng 
650 4 |a Arduino  |2 eng 
650 4 |a LPWAN  |2 eng 
650 4 |a LoRa  |2 eng 
650 4 |a Software library  |2 eng 
700 1 |a Zemko, Ladislav  |u 070400  |k Z3  |4 ths  |U FIIT Fakulta informatiky a informačných technológií  |T FIIT Ústav počítačového inžinierstva a aplikovanej informatiky  |X 79823  |U I400  |Y 672  |7 79823 
856 4 |u http://is.stuba.sk/zp/portal_zp.pl?podrobnosti=168898